La experiencia de la cooperativa de productores de palmito en las localidades de Guácimo, Pococí y siquirres, en su inserción en el mercado global /
Uloženo v:
| Hlavní autor: | |
|---|---|
| Médium: | Text |
| Jazyk: | Spanish |
| Vydáno: |
San José:
FLACSO
|
| Témata: | |
| Tagy: |
Přidat tag
Žádné tagy, Buďte první, kdo vytvoří štítek k tomuto záznamu!
|
MARC
| LEADER | 00000 a a2200000 04500 | ||
|---|---|---|---|
| 001 | 31042 | ||
| 003 | cru IIS | ||
| 005 | 20230424132602.0 | ||
| 008 | 230424b |||||||| |||| 00| 0 spa d | ||
| 020 | |a 9977-68-128-7 | ||
| 040 | |c CRAI/IIS | ||
| 090 | |a 0001 L354d | ||
| 100 | |a Rodríguez, Ana Marcela |9 11185 | ||
| 245 | |a La experiencia de la cooperativa de productores de palmito en las localidades de Guácimo, Pococí y siquirres, en su inserción en el mercado global / |c Ana Marcela Rodríguez | ||
| 260 | |a San José: |b FLACSO | ||
| 300 | |a 257-290 p. | ||
| 500 | |a También como informe final en 0002 T772i | ||
| 650 | |a ESTRATEGIA DEL DESARROLLO | ||
| 650 | |a DESARROLLO RURAL | ||
| 650 | |a ORGANIZACIONES CAMPESINAS | ||
| 650 | |a DIVERSIFICACION DEL CULTIVOS | ||
| 650 | |a LIBERALIZACION ECONOMICA | ||
| 650 | |a FRUTICULTURA | ||
| 650 | |a POBREZA | ||
| 650 | |a DEMANDA DE MANO DE OBRA | ||
| 650 | |a MIGRACION LABORAL | ||
| 650 | |a USO DE LA TIERRA | ||
| 650 | |a TENENCIA DE LA TIERRA | ||
| 650 | |a SERVICIOS FINANCIEROS | ||
| 650 | |a ACCESO A MERCADOS | ||
| 650 | |a DESARROLLO ECONOMICO | ||
| 942 | |2 ddc |c LI | ||
| 999 | |c 16523 |d 16523 | ||
| 773 | 0 | |0 16496 |9 5724 |a Lathrop, Guillermo |d San José: FLACSO 2004 |o 13249 |t Desarrollo económico local en Centroamérica / |w (cru CIDCACS/IIS)31171 |z 9977-68-128-7 | |



